[Event "Bundesliga 0506"]
[Site "Germany"]
[Date "2005.12.11"]
[Round "6.7"]
[White "Adler, Joel Arturo Manuel"]
[Black "L'Ami, Erwin"]
[Result "1/2-1/2"]
[WhiteElo "2318"]
[BlackElo "2541"]
[Annotator "Mueller,Karsten"]
[PlyCount "119"]
[EventDate "2005.10.21"]
[EventType "team-tourn"]
[EventRounds "15"]
[EventCountry "GER"]
[SourceTitle "CBM 111"]
[Source "ChessBase"]
[SourceDate "2006.04.04"]
[SourceVersion "1"]
[SourceVersionDate "2006.04.04"]
[SourceQuality "1"]
[WhiteTeam "Kirchheim"]
[BlackTeam "Katernberg"]
[WhiteTeamCountry "GER"]
[BlackTeamCountry "GER"]

1. d4 d5 2. c4 c6 3. Nf3 dxc4 4. e3 Be6 5. a4 Nf6 6. Na3 Nbd7 7. Nxc4 Bd5 8.
Bd3 e6 9. O-O c5 10. Qe2 cxd4 11. e4 Bc6 12. e5 Bxf3 13. Qxf3 Nd5 14. Rd1 Nc5
15. Bf1 Nb4 16. Bd2 Nd5 17. b4 Nd7 18. Qg3 Qb8 19. Rac1 f5 20. Be2 Kf7 21. Bf3
N5b6 22. Nxb6 Nxb6 23. a5 Nd7 24. Bf4 Be7 25. Rxd4 Rd8 26. a6 Nb6 27. Rxd8 Qxd8
28. Bxb7 Rb8 29. Qb3 Qd7 30. Be3 Nd5 31. Bc6 Qd8 32. b5 Nxe3 33. Qxe3 Qb6 34.
Qxb6 Rxb6 35. Kf1 $2 {Zu langsam. Das direkte} (35. Rd1 {hätte relativ leicht
gewonnen, z.B.} Kg6 36. Rd7 Bc5 37. Kf1 Rb8 38. Rc7 Bb6 39. Re7 Bc5 40. Rxe6+
Kf7 41. Bd5 Kf8 42. Bb7 Rd8 43. Rc6 Bd4 44. b6 $18) 35... Rb8 36. Ke2 Bd8 37.
Rd1 Bb6 38. Rd7+ Kf8 39. Rd6 $2 {Lässt Turmtausch zu. Nach} (39. h4 {hätte
Weiß gute Gewinnchancen behalten.}) 39... Rd8 40. Rxe6 Kf7 41. Rd6 Rxd6 42.
exd6 Ke6 43. d7 Ke5 44. Kd3 Bd8 45. h4 g6 46. g3 Bb6 47. Kc4 Ke6 48. f4 Kd6 49.
Bd5 Kxd7 50. Bg8 h6 51. Bh7 Bf2 52. Bxg6 Kc7 53. Kd5 Bxg3 54. Ke5 Bxh4 55. Kxf5
Bg3 56. Kg4 Bf2 57. Kh5 Be3 58. f5 Kd6 59. Bf7 (59. b6 Bxb6 60. Kxh6 Ke7 $11 {
even selbst} (60... Kc7 61. f6 Bc5 62. f7 Kb8 63. Kg7 Bd6 64. f8=Q+ Bxf8+ 65.
Kxf8 $11 {draws. ist spielbar.})) 59... Ke7 60. Kg6 1/2-1/2

[Event "Gibraltar Masters 12th"]
[Site "Caleta"]
[Date "2014.02.01"]
[Round "5"]
[White "Tomashevsky, Evgeny"]
[Black "Muzychuk, Mariya"]
[Result "1/2-1/2"]
[WhiteElo "2715"]
[BlackElo "2503"]
[Annotator "Muzychuk,M"]
[PlyCount "85"]
[EventDate "2014.01.28"]
[EventType "swiss"]
[EventRounds "10"]
[EventCountry "GGB"]
[SourceTitle "CBM 159"]
[Source "ChessBase"]
[SourceDate "2014.03.17"]
[SourceVersion "1"]
[SourceVersionDate "2014.03.17"]
[SourceQuality "1"]

1. d4 d5 2. c4 c6 3. Nf3 Nf6 4. e3 {Evgeny plays many different lines in the
Slav. Except the main move 4.Nc3 he also uses 4.e3. After this move the
arising positions seem to be more quiet. White's idea is to get a slight but
stable advantage.} Bg4 {To be sure, there are also other options for Black but
lately I have preferred 4...Bg4.} 5. h3 Bxf3 (5... Bh5 {is another possible
move, but this leads to a slightly different type of position.}) 6. Qxf3 e6 7.
Bd3 Bb4+ {Maybe it is more accurate to start with 7...Nbd7, after which there
is still the possibility to move the bishop to d6.} 8. Nc3 (8. Nd2 {or 8.Bd2
is also interesting for White but generally 8.Nc3 is the main move.}) 8... Nbd7
9. Bd2 O-O 10. a3 ({I have to admit that castling with} 10. O-O {is not good
because of a nice tactical trick:} Nc5 $1 {and Black immediately equalises the
game} 11. dxc5 dxc4 12. Ne4 Bxd2 13. Bxc4 Nxe4 14. Qxe4 Ba5 15. Rad1 Qe7 16. b4
Bc7 17. a3 Rad8 18. g3 g6 19. Kg2 Rxd1 20. Rxd1 Rd8 21. Rxd8+ Qxd8 22. Qd3 Qxd3
23. Bxd3 Be5 24. a4 Bc3 25. b5 Bb4 26. bxc6 bxc6 27. Be4 Bxc5 28. Bxc6 {
1/2 Khismatullin,D (2643) -Jakovenko,D (2736)/Moscow 2009/CBM 134}) 10... Bxc3
$5 {A rare move but in my opinion the idea of ...Bxc3 and then Re8-e5 is quite
interesting.} (10... Ba5 {is by far a more popular move. My sister tried it in
a slightly different version but by transposition we can come to the same
position:} 11. O-O Re8 12. b4 (12. Qd1 $5) 12... Bc7 13. cxd5 exd5 $1 ({
here Anna played 13...cxd5 and later on got a slightly worse position. I
believe 13...exd5 tried by Kramnik is a better option for Black and gives him
more dynamic play.} 13... cxd5 14. Rfc1 Rc8 15. e4 $1 $14 e5 16. Bg5 h6 17. Bh4
g5 18. Bg3 exd4 19. Nxd5 Nxd5 20. exd5 Bxg3 21. Qxg3 Qf6 22. Bb5 Rxc1+ 23. Rxc1
Rd8 24. Rc7 Ne5 25. Rxb7 Rxd5 26. Bd3 Nxd3 27. Qxd3 Qc6 28. Rxa7 Qc1+ 29. Qf1
Qf4 30. Qd3 Qc1+ 31. Qf1 Qf4 32. Qd3 Qc1+ 33. Qf1 Qf4 {1/2 Dzagnidze,N (2545)
-Muzychuk,A (2585)/Geneve 2013/CBM 154 Extra}) 14. b5 Nf8 15. bxc6 bxc6 16. Qd1
Ne6 17. Qa4 c5 18. Nb5 Bb6 19. dxc5 Nxc5 20. Qc2 Nfe4 21. Bb4 Nxd3 22. Qxd3 Qd7
23. Nc3 Qe6 24. Nxe4 {1/2 Gelfand,B (2737)-Kramnik,V (2799)/Nice 2008/CBM 123
Extra}) 11. Bxc3 Re8 12. O-O e5 {Black must create some counterplay, otherwise
there is no compensation for the advantage of the bishop pair.} 13. dxe5 {
I think this is the best choice. Otherwise Black plays ...e4, followed by dxc4
and ...Nb6, closing the diagonals and gaining a very strong square on d5 for
the knights.} ({For example:} 13. Qg3 {(or 13.Qd1)} e4 14. Be2 dxc4 15. Bxc4
Nb6 {and then Nbd5 with a good position for Black.}) (13. Qe2 e4 14. Bc2 dxc4
15. Qxc4 Nb6 16. Qe2 Nbd5 ({or} 16... a5 $5)) 13... Nxe5 14. Bxe5 {This is the
novelty according to my database. In the only previous game White tried 14.Qe2.
This does not change the character of position but has some differences.} (14.
Qe2 Nxd3 (14... dxc4 15. Bxc4 Nxc4 16. Qxc4 {transposes to 14...Nd3}) (14...
Qe7 $5) 15. Qxd3 dxc4 (15... Ne4 {does not equalise completely} 16. cxd5 Qxd5 (
16... Nxc3 17. Qxc3 Qxd5 18. Rfd1 $14 {White is first to take control of the
d-file.}) 17. Qxd5 cxd5 18. Rac1 Rac8 19. Bd4 b6 20. Rfd1 {most probably Black
will manage to hold but for the moment White has a clear little advantage.})
16. Qxc4 Qd5 $5 (16... Nd5 $5 {was played in the above mentioned game. The
position of Black looked quite ok.} 17. Rad1 Qg5 18. Rd4 h5 {1/2 Klimov,A 
(2451)-Ma,Q (2241)/Vung Tau 2008/EXT 2009 (45)}) 17. Qb4 (17. Qxd5 Nxd5 $11)
17... c5 18. Qa4 Ne4 (18... Qe6 $5 19. Rfd1 a6 $11) (18... Qf5 $5) 19. Rad1
Nxc3 20. bxc3 Qe4 21. Qb5 b6 22. Rd7 Re7 23. Rfd1 g6 $11) 14... Rxe5 15. Rfd1
Qe7 ({During the game I also thought about} 15... Qb6 {but in general did not
like this position of the queen} 16. Qf4 (16. b4 dxc4 17. Bxc4 a5 $11) 16...
Rae8 17. b4 dxc4 18. Qxc4 a5 19. Rab1 $14) 16. cxd5 Rxd5 17. Bc4 (17. e4 {
is quite unpositional as it weakens the black squares} Rd7) 17... Rxd1+ 18.
Rxd1 Rd8 (18... Qe5 {it was also possible to keep the rooks. White doesn't
have real threats on the d-file while the presence of the rooks stops White
from attacking with the pawns on the kingside.} 19. Rd4 g6 {[%cal Ya8e8,Ye8e7,
Yg8g7]}) 19. Rxd8+ Qxd8 {Now we came to the endgame. This kind of material
remained till the end of the game. I would estimate this position as being
slightly better for White but with correct play Black can make a draw.} 20. g4
h6 21. Kg2 (21. Qf4 $5 a6 22. Qe5 {but still after} Kf8 {followed by ...Qe7
White cannot keep the queen in the centre.}) 21... g5 ({The less ambitious} 
21... g6 {was also good.}) 22. Qf5 Kg7 23. Qe5 (23. h4 {did not promise any
improvement} gxh4 24. g5 hxg5 25. Qxg5+ Kf8 26. Qxh4 Ke7 $11) 23... Qe8 (23...
Qd2 $1 {was better. Now it is the right time for counterplay} 24. Qe7 Nd5 {
and there is nothing better than to exchange the bishop for the knight or
repeat the position with Qe5 Nf6.}) 24. Qc3 c5 $6 {I did not want to stay
passive but such moves are a bit antipositional. Now the bishop becomes much
stronger as Black's white squares are weaker.} (24... Qe7 $5) 25. Bd5 Qe7 26.
Bf3 b6 27. b4 cxb4 (27... Qd6 $5) 28. axb4 a6 {Otherwise White plays b5.} 29.
Be2 (29. Qd4 {could create more problems for Black:} Qc7 (29... a5 30. b5 Qa7
31. Bc6 $1 {to prevent ...Nd7} (31. e4 Qc7 32. e5 Nd7 33. e6+ Ne5 $11) 31... a4
32. e4 a3 33. e5 Ng8 34. Bd5 (34. e6+ Nf6 $11) 34... a2 35. Qa1 Ne7 36. Qxa2
Qd7 $1 (36... Qxa2 37. Bxa2 Ng6 38. Kf3 {probably already winning}) 37. Bxf7
Qxb5 $11) 30. e4 a5 31. e5 Nd7 $11 {but not so easy to find these moves.})
29... Qa7 (29... Qd8 $5) 30. Qe5 (30. Qd4 a5 31. bxa5 Qxa5 32. e4 Qc5 33. Qb2
Kg6 34. Bd3 Nd7 35. e5+ Kg7 36. e6+ Ne5 $11) 30... a5 31. f4 ({After} 31. h4 {
there is the only defence} Qa8+ $8 32. Bf3 Qe8 $8 {but now it is a draw.})
31... Qa8+ 32. Bf3 Qe8 33. bxa5 bxa5 34. Qc5 gxf4 (34... Nh7 $5 {is a good
defensive move but difficult to play.}) 35. exf4 (35. g5 Ng8 36. exf4 a4 $11)
35... Qd8 36. Qe5 Kg8 37. h4 Qd2+ (37... a4 $5 38. g5 hxg5 39. fxg5 Qd2+ 40.
Kg3 Nd7 $11) 38. Kg3 Nd7 39. Qe7 a4 40. g5 hxg5 (40... Nf8 41. h5 a3 42. gxh6
Qc3 $11) 41. Qxg5+ Kf8 42. Qd8+ (42. h5 Qe1+ (42... Qd4 43. h6 Nf6 $11) 43. Kg2
(43. Kh2 Qe7 44. h6 (44. Qh6+ Kg8) 44... Qxg5 45. fxg5 Ne5 46. Bd5 f6 $11)
43... Qd2+ 44. Kh3 Qe3 $11) 42... Kg7 43. Qg5+ 1/2-1/2

[Event "St Petersburg op"]
[Site "St Petersburg"]
[Date "1995.??.??"]
[Round "9"]
[White "Ionov, Sergey"]
[Black "Loginov, Valery A"]
[Result "1-0"]
[WhiteElo "2525"]
[BlackElo "2605"]
[Annotator "Notkin,M"]
[PlyCount "96"]
[EventDate "1995.05.??"]
[EventType "swiss"]
[EventRounds "9"]
[EventCountry "RUS"]
[SourceTitle "CBM 046 Extra"]
[Source "ChessBase"]
[SourceDate "1995.07.01"]
[SourceVersion "1"]
[SourceVersionDate "1995.07.01"]
[SourceQuality "1"]

1. Nf3 d5 2. d4 Bf5 3. c4 e6 4. Nc3 c6 5. Qb3 Qb6 6. c5 Qc7 7. Bf4 Qc8 8. Nh4
Bg4 (8... Ne7 9. Nxf5 Nxf5 10. e3 Nd7 11. Bd3 b6 (11... g6 12. O-O Bg7 13. Bxf5
gxf5 14. Ne2 Nf6 $6 (14... b6 $1 15. Bd6 bxc5 16. dxc5 Ne5 $5 {Tukmakov/}) 15.
f3 Nh5 (15... O-O) 16. Bd6 Bf8 17. e4 $1 $16 {Tukmakov,V-Baburin,A-Helsinki/
1992/1:0/25/}) 12. Qa4 a5 (12... bxc5 13. Ba6 Qd8 14. Bb7 cxd4 15. exd4 $16)
13. cxb6 Nxb6 14. Qb3 Qb7 15. Bxf5 exf5 16. O-O $16 {Lputian,S-Ye,J/Beijung/
1991/1:0/51/}) (8... Nf6 9. f3 $1 Be7 10. Nxf5 exf5 11. e4 $1 fxe4 12. fxe4
Nxe4 13. Nxe4 dxe4 14. Bc4 O-O 15. O-O $44 {Shneider,A-Sokolov,I/YUG/1993/0,5/
49/}) 9. h3 Bh5 10. g4 Bg6 (10... Be7 $32 11. Bg3 Bg6 12. Nxg6 hxg6 13. e4 Nf6
14. exd5 cxd5 15. Nb5 O-O 16. Nd6 Bxd6 17. Bxd6 Re8 18. f3 $14 {Ionov,S-Rausis,
I/Oviedo/1993/0:1/40/}) 11. Nxg6 hxg6 12. e4 Nf6 13. exd5 Nxd5 14. Bg3 Nd7 15.
Bg2 N7f6 16. O-O Be7 17. Rfe1 Qd7 18. Qc4 O-O 19. Rad1 Rfe8 (19... b5 $5 20.
Qd3 Nxc3 21. bxc3 Nd5 $14 {/\Bd8-c7/}) 20. Be5 Bd8 21. Qd3 $1 Rc8 22. Qg3 g5 (
22... Be7 23. h4 {/\Bf3,h5/}) 23. h4 gxh4 24. Qxh4 Nh7 (24... Nxc3 25. bxc3 Nd5
26. Qg3 f6 27. Bd6 b5 28. cxb6 Nxb6 29. g5 $1 $16) 25. Qg3 Nxc3 26. bxc3 f6 27.
Bd6 Bc7 28. Rb1 (28. c4 $5) 28... b5 (28... Bxd6 29. cxd6 b6 30. c4 c5 31. Rbd1
$16) 29. Bxc7 Qxc7 $2 (29... Rxc7) 30. Qxc7 Rxc7 31. a4 a6 32. axb5 axb5 33.
Ra1 Nf8 34. Ra6 Rec8 35. f4 Kf7 36. Be4 $1 Nd7 37. Rea1 e5 (37... Ke7 38. Ra7
Kd8 39. Rxc7 Rxc7 40. Ra8+ Ke7 41. Bg6 f5 42. g5 $18) 38. fxe5 fxe5 39. Ra7 Ke7
40. Kf2 b4 (40... Kd8 41. g5 exd4 42. cxd4 Rxa7 43. Rxa7 Rc7 44. Ra8+ Ke7 45.
Ra6 Nb8 46. Rb6 Rc8 47. Rb7+ $18) 41. cxb4 exd4 42. Bf5 Kd8 43. g5 g6 44. Bh3
$1 Ke7 45. Ke2 Ke8 46. Kd3 Ke7 47. Kxd4 Kd8 48. Kc3 Ke7 (48... Ke7 49. Re1+ Kd8
50. Rxc7 Rxc7 51. Rd1 $18) 1-0

[Event "Zuerich op-A 32nd"]
[Site "Zuerich"]
[Date "2008.12.29"]
[Round "5"]
[White "Pelletier, Yannick"]
[Black "Varga, Zoltan"]
[Result "1-0"]
[WhiteElo "2557"]
[BlackElo "2490"]
[Annotator "Pelletier,Y"]
[PlyCount "63"]
[EventDate "2008.12.26"]
[EventType "swiss"]
[EventRounds "7"]
[EventCountry "SUI"]
[SourceTitle "CBM 127 Extra"]
[Source "ChessBase"]
[SourceDate "2009.01.08"]
[SourceVersion "2"]
[SourceVersionDate "2009.01.28"]
[SourceQuality "1"]

1. d4 d5 2. c4 dxc4 3. Nf3 c6 4. e3 Be6 5. Nc3 b5 6. Be2 {In meiner kurzen
Vorbereitung auf diese Begegnung stieß ich auf eine gewisse Partie Wang
Yue-Zhang Pengxian (2007), in welcher Weiß überzeugend gewann.} Nf6 7. O-O b4
$6 ({In der erwänhnten chinesischen Partie geschah} 7... g6 8. Ng5 Bc8 9. b3 h6
10. Nge4 b4 11. Nxf6+ exf6 12. Ne4 f5 13. Nc5 c3 14. a3 Bxc5 15. dxc5 {mit
weißer Initiative. Obwohl mein Gegner als Spezialist des Systems mit 4...Be6
gilt, überlegte er an dieser Stelle lange. Er wurde wohl von 6.Be2 überrascht,
und reagierte nicht sehr gut.}) 8. Na4 Nbd7 9. Qc2 ({Nach} 9. Bd2 a5 {ist
Schwarz bereit, sich mittels 10...Bd5 und 11...e6 natürlich weiter zu
entwickeln.}) 9... Bd5 ({Nun kann Weiß dieser Idee gut begegnen. Die
Alternativen waren aber kaum besser, z.B.:} 9... Qa5 10. Nd2 $36 Bf5 $140 11.
e4 Nxe4 12. Nxe4 Bxe4 13. Qxe4 Qxa4 14. Bxc4 Nf6 15. Qe5 Nd5 16. b3 Qa5 17. a3
e6 18. Bd2 $16) ({oder} 9... Rc8 10. e4 $5 (10. Bxc4 Bxc4 11. Qxc4 e6 12. a3
$14)) 10. Nd2 e5 11. dxe5 Nxe5 12. e4 Be6 13. Nxc4 Bxc4 14. Bxc4 {Diese
Bauernstruktur entsteht aus dem Meraner System, wenn bei Schwarz etwas
schiefgelaufen ist. Als einzige Kompensation für seine Schwächen besitzt der
Nachziehende hier eine gewisse Kontrolle über den schwarzen Zentralfeldern.}
Be7 (14... Qd4 $2 15. Ba6 $1 $18) 15. Rd1 Qc7 16. f3 $6 ({Mein Plan bestand in
den Aufbau Be3-Bf1-Rac1. Leider entging mir die Opferidee Neg4, die man später
unter verschiedenen Formen finden wird. Als richtige Spielweise erwies sich} 
16. Be2 Ng6 (16... O-O 17. f4 Ng6 18. e5 $16 {, da} Nd5 $4 {wegen} 19. Rxd5 {
nicht geht}) 17. Be3 ({der Computer schlägt das ehrgeizige} 17. f4 Rc8 18. g3
h5 19. e5 Nd5 20. h4 $5 $16 {vor}) 17... O-O 18. Rac1 $16) 16... O-O (16...
Nxc4 17. Qxc4 Bd6 $140 $2 18. f4) 17. Bf1 ({Ich erkannte rechtzeitig, dass} 17.
Be3 $2 {an} Neg4 18. fxg4 Nxg4 {scheitert, wonach sich Weiß mit der
Punkteteilung begnügen muss:} 19. Qe2 Qxh2+ 20. Kf1 Qh1+ 21. Bg1 h5 22. Rd3
Nh2+ 23. Kf2 Ng4+ 24. Kf1 $11) 17... Rad8 18. Bd2 ({Jetzt verliert sogar} 18.
Be3 $2 Neg4 {, aber}) (18. Bg5 Nd5 19. Bd2 Nb6 20. Be3 $14 {war eine bessere
Fortsetzung}) 18... c5 $1 {Ein unerwarteter Befreiungszug, der Schwarz
Aussichten auf Gegenspiel verspricht.} 19. b3 $6 (19. Bxb4 $2 {scheiter wieder
an} Neg4 $1 20. fxg4 Nxg4 $19 {[%cal Gg4e3,Gc7h2]}) ({Richtig war aber} 19.
Rac1 {, wonach Weiß weiterhin Druck ausüben könnte.}) 19... Nc6 $2 $138 ({
Bereits in Zeitnot findet Varga die beste Zugfolge nicht. Nach} 19... Bd6 $1 {
ist die Stellung einfach unklar, z.B.} 20. Be1 (20. Be3 $6 Neg4 $1 21. fxg4
Nxg4 22. e5 (22. Qe2 Bxh2+ 23. Kh1 Qg3 $19) 22... Bxe5 23. Qxc5 (23. Qe4 f5 $1
$19) 23... Bxa1 $1 24. Qxc7 Rxd1 25. Bf2 Be5 26. Qc4 Nxh2 {Am Ende dieses
ungewöhnlichen taktischen Feuerwerks verbleibt Schwarz mit Materialvorteil!}) (
{Die Fortsetzungen} 20. Kh1 Nc6 21. Be3 Bxh2 22. Qxc5 Bf4 $13) ({und} 20. Rac1
Nc6 $13 {geben Schwarz ausreichend aktives Spiel}) ({Schließlich steht der
Nachziehende im Fall von} 20. f4 Neg4 21. g3 (21. e5 $2 Bxe5 22. fxe5 Qxe5 23.
g3 Qd4+ 24. Kh1 Ne4 $19) 21... c4 $1 {[%cal Gd6c5]} 22. Qxc4 Qxc4 23. Bxc4 Nxe4
{sicher nicht schlechter}) 20... Nc6 21. g3 Nd4 22. Qg2 $13 {Weiß plant Rac1
und Bf2. Trotzdem kompensiert die gegnerische Aktivität die strukturellen
Schwächen.}) 20. Be3 Bd6 21. g3 Be5 22. Rxd8 Rxd8 (22... Qxd8 23. Rd1 Bd4 24.
Kg2 $1 {[%cal Gc2c6,Ga4c5]} Bxe3 25. Rxd8 Rxd8 26. Bd3 Ne5 27. Nb2 $16) 23. Rc1
{Nun ist c5 verurteilt.} Bd4 (23... Nd4 24. Qf2 $16) 24. Bxd4 Nxd4 25. Qf2 Qe7
(25... Qd6 26. Nxc5 $16) 26. Nxc5 h5 (26... g5 27. Rc4 $18) ({Zäher war} 26...
a5 27. Rc4 Nb5 28. Na4 $16) 27. Rc4 Nb5 (27... Nc6 28. Nd3) 28. Rxb4 Nc3 29.
Rc4 ({Die Alternativen sind auch gut, aber der Textzug erschien mir sicherer.} 
29. Rd4 Nd1 30. Rxd8+ Qxd8 31. Nb7 Qb8 32. Qd2 $16) (29. Rb7 Qd6 30. Nd3 $18 {
[%cal Gf2a7]}) 29... Nd1 30. Qe2 {[%csl Rd1]} Qc7 (30... a5 31. Kg2 $18) 31.
Kg2 (31. e5 Nd5 32. Na4 $1 $18) 31... Qb6 32. Rc1 $138 1-0

[Event "EU-ch 13th"]
[Site "Plovdiv"]
[Date "2012.03.21"]
[Round "2"]
[White "Chatalbashev, Boris"]
[Black "Fressinet, Laurent"]
[Result "0-1"]
[WhiteElo "2570"]
[BlackElo "2693"]
[Annotator "Postny,E"]
[PlyCount "86"]
[EventDate "2012.03.20"]
[EventType "swiss"]
[EventRounds "11"]
[EventCountry "BUL"]
[SourceTitle "CBM 148"]
[Source "ChessBase"]
[SourceDate "2012.05.16"]
[SourceVersion "1"]
[SourceVersionDate "2012.05.16"]
[SourceQuality "1"]

1. d4 d5 2. c4 c6 3. Nf3 Nf6 4. e3 Bg4 5. h3 Bh5 {This move is slightly
provocative. Now in order to fight for an advantage White has to weaken his
kingside. The alternative 5...Bxf3 is very solid, but often leads to a
slightly worse position for Black.} 6. Nc3 e6 7. g4 Bg6 8. Ne5 Nbd7 9. Nxg6
hxg6 10. Bd2 {White has got the bishop pair, but Black's position is out of
weaknesses. Standard stuff in the Slav.} g5 (10... Bb4 {has appeared in
numerous grandmaster games as well.}) 11. Bd3 (11. cxd5 exd5 (11... Nxd5 {
is also possible which leads to the same structure as in the current game.})
12. Bd3 Bb4 13. Qb3 Qb6 14. f3 Bd6 15. Ne2 Qxb3 16. axb3 Nb6 17. Kf2 a6 18. Kg2
Be7 19. b4 O-O-O $11 {1/2-1/2 Salgado Lopez,I (2626)-Inarkiev,E (2679)/
Khanty-Mansiysk 2011/CBM 145 (101)}) (11. Qf3 Bb4 12. O-O-O Qe7 13. Kb1 O-O-O
14. c5 e5 15. a3 Bxc3 16. Bxc3 Rh6 17. Ka1 Re8 $11 {1-0 Golod,V (2584)-Postny,
E (2674)/Israel 2009/EXT 2010 (56)}) 11... Qc7 12. cxd5 Nxd5 13. Qf3 ({Perhaps
a better try to fight for an advantage is:} 13. Nxd5 exd5 14. Qf3 Be7 15. O-O-O
{and then White can play Qf3-g2 followed by f2-f4 or f2-f3 and e3-e4 according
to circumstances.}) 13... Be7 14. Rc1 {Threatening 15.Nxd5 exd5 16.Qxd5.} N7f6
15. a3 $6 (15. Kf1 {is always an option, followed by Kg2.}) ({An interesting
idea is} 15. h4 $5 Nxc3 (15... gxh4 $6 16. g5 Nd7 17. Nxd5 exd5 18. Qxd5 $16) (
15... Rxh4 $6 16. Rxh4 gxh4 17. g5 Nd7 18. Nxd5 exd5 19. g6 (19. Qxd5 $6 Qh2
$13) 19... Nf6 20. Ke2 $36) 16. hxg5 $1 Rxh1+ 17. Qxh1 Nxa2 18. Qh8+ (18. Ra1
Nd5 (18... Nxg4 $6 19. Qh8+ Bf8 20. Rxa2 Qh2 21. Qxh2 Nxh2 22. Ke2 $16 {
[%csl Rh2]}) 19. Rxa2 g6 20. Qh8+ Bf8 21. e4 Nb6 22. Ke2 {with a complicated
position where both sides have chances.}) 18... Kd7 19. Qxa8 Nxc1 20. Bxc1 Nxg4
21. Bd2 Bxg5 22. Qf8 Qh2 23. Qxf7+ Be7 24. Bg6 Qh4 25. Ke2 Nf6 26. Qxg7 Qg4+
27. Ke1 Qg1+ $11) 15... Nxc3 $1 {Now recapturing with the pawn would lose the
Pa3 - this is the main drawback of White's last move.} 16. Rxc3 Nd5 17. Rc2 Rd8
18. Ke2 Rh6 $5 {An unusual way to activate the rook. Now we can say for sure
that neither side will castle in this game!} 19. b4 $6 (19. Kf1 $11) 19... a6
$6 (19... e5 $1 {could already cause troubles for White.} 20. Kf1 (20. dxe5
Qxe5 21. Qe4 Qd6 $17 {Practically the same position arose in the game later on.
}) 20... exd4 21. exd4 Qb6 22. Rc4 Rf6 23. Qe2 Nf4 24. Bxf4 Rxf4 $17) 20. Qg2
$2 {Boris doesn't sense the danger.} ({Again} 20. Kf1 {,transferring the king
to the safer square g2, would keep the position approximately balanced.}) 20...
e5 {Suddenly White is in trouble. The king is not safe at all. Black's rook on
h6 may join the attack quickly along the sixth rank.} 21. dxe5 Qxe5 22. Qe4 Qd6
23. Bc4 Nf6 24. Qd4 {Sad necessity.} (24. Qf3 $2 b5 {and the check on d3 will
be fatal.}) 24... Qxd4 25. exd4 Nxg4 26. Rg1 Nf6 27. Rxg5 Kf8 {This is the
human move, protecting the Pg7. Meanwhile White has weaknesses all around.} (
27... Rxh3 $5 28. Rxg7 Rxa3 29. Rxf7 Rxd4 $17) 28. Rg3 Rh4 29. Be3 Nd5 30. Kf3
Bf6 31. Bxd5 $2 {This nervous decisionis one I can't approve of. It's true
that White's position is much worse, but he should keep his light-squared
bishop.} (31. Kg2 Nf4+ 32. Bxf4 Rxf4 33. d5 cxd5 34. Bb3 {The presence of
opposite coloured bishops always promises some drawish chances.}) 31... Rxd5 {
Now White seems to be lost. He is losing the Pd4 pawn without any compensation.
} 32. Rc5 Bxd4 33. Rxd5 cxd5 34. Bg5 (34. Bxd4 Rxd4 {Not all rooks endings are
drawish. White can't save this as he is a pawn down and has also got an
inferior structure.}) 34... Re4 35. Rg1 Bb2 36. Bc1 Bxc1 37. Rxc1 Rc4 38. Rd1
Rc3+ 39. Kg2 Rxa3 40. Rxd5 Ra4 41. Rd4 (41. b5 Ra5 $19) 41... g6 (41... a5 $2 {
would be very inaccurate. After} 42. Rd8+ Ke7 43. Ra8 Rxb4 44. Rxa5 {White
gets chances to save the game. Every pawn exchange is in favour of the
defending side.}) 42. Re4 b6 43. Rc4 Kg7 {[%cal Ga6a5] White is losing another
pawn, so he resigned.} 0-1